[Event "RUS-Cup Final"]
[Site "Sochi"]
[Date "1997.09.22"]
[Round "5"]
[White "Yakovich, Yuri"]
[Black "Kharitonov, Andrei Y"]
[Result "1-0"]
[WhiteElo "2610"]
[BlackElo "2540"]
[Annotator "Yakovich,Y"]
[PlyCount "137"]
[EventDate "1997.09.17"]
[EventType "tourn"]
[EventRounds "11"]
[EventCountry "RUS"]
[EventCategory "13"]
[SourceTitle "CBM 062"]
[Source "ChessBase"]
[SourceDate "1998.01.31"]
[SourceVersion "1"]
[SourceVersionDate "1998.01.31"]
[SourceQuality "1"]

1. d4 {Hecht} Nf6 2. c4 e6 3. Nc3 Bb4 4. Qc2 c5 5. dxc5 O-O 6. a3 Bxc5 7. Nf3
Qb6 8. e3 (8. e4 $6 Ng4 9. Na4 Qa5+ $1 (9... Bxf2+ 10. Ke2 Qc7 11. h3 $18) 10.
Bd2 Bxf2+ 11. Ke2 Qh5 12. h3 Bg3 $17) 8... Be7 (8... Qc7 9. Bd3 Be7 10. b3 a6
11. Bb2 d6 12. g4 Nxg4 13. Bxh7+ Kh8 14. Bd3 Nd7 15. Rg1 f5 16. Rg3 Nde5 17.
Nxe5 Nxe5 18. Be2 Bf6 19. O-O-O b5 20. cxb5 Bb7 21. f4 Nf7 22. Kb1 Rac8 23. Rc1
{Relange,E-Hartereau,P/FRA-chT 1995/EXT 95ch/1-0 (33)}) 9. Bd3 d5 $146 (9... d6
10. O-O Nbd7 (10... a6 11. b4 Qc7 12. Bb2 Nbd7 13. Rac1 b6 14. Ne4 h6 15. Ng3
Bb7 16. e4 Ne5 17. Nxe5 dxe5 18. Rfd1 Nd7 19. Bc3 Nb8 20. Qb2 Nc6 21. Ne2 f5
22. Qc2 g6 23. Bd2 Nd4 24. Nxd4 exd4 25. c5 bxc5 26. bxc5 Qc6 27. f3 Bg5 28.
Bxg5 hxg5 29. Qd2 g4 30. Qg5 Kg7 31. Re1 gxf3 32. gxf3 Rf7 33. Re2 e5 {1-0
Mitenkov,A-Gelman,A/Moscow-ch 1994/EXP 43}) 11. b4 Qc7 12. Bb2 b6 13. Rac1 Bb7
14. Nb5 Qb8 15. e4 a6 16. Nc3 Qa7 17. Ne2 Rac8 18. e5 dxe5 19. Nxe5 Nxe5 20.
Bxe5 h6 21. Qb2 Rfd8 22. Rcd1 Ba8 23. Nf4 Qb7 24. f3 Qc6 25. Kh1 Rd7 26. Qe2
Rcd8 27. Nh3 Qa4 28. Bb2 Bb7 29. Nf2 Qc6 30. Be5 Qc8 31. Bc2 Rxd1 32. Rxd1
Rxd1+ 33. Nxd1 Nd7 34. Qd3 g6 35. Bc3 Qc7 36. Ne3 h5 37. Kg1 Ne5 38. Qe2 Bf6
39. Nd1 Bg7 40. Bb3 Qd6 41. Bc2 Nxf3+ 42. gxf3 Bxc3 43. Nxc3 Qd4+ 44. Qf2 {
Hsu Li Yang-Johansen,D/Dubai Asian Cities 1992/EXP 32/0-1 (54)}) 10. cxd5 exd5
11. h3 $1 (11. O-O Bg4 $11) 11... Nc6 12. O-O Rd8 13. b4 $1 Bd6 (13... d4 14.
Na4 Qc7 15. b5 $18) 14. Bb2 Ne5 $8 15. Nxe5 Bxe5 16. Rac1 Be6 17. Na4 Qd6 18.
Nc5 Bc8 (18... Rac8 19. Nxb7 $1 Rxc2 20. Rxc2 $1 Qe7 21. Nxd8) 19. Nb3 Bd7 20.
Bxe5 Qxe5 21. Qc7 Qg5 22. Kh2 (22. f4 Qh4 {[%cal Rd7h3]}) 22... b6 23. Nd4 Ne8
24. Qg3 Qf6 25. Rc2 $138 a5 $138 26. Rfc1 axb4 27. axb4 g6 28. Bb5 Bxb5 29.
Nxb5 Qe7 30. Nd4 Qd6 31. Nc6 Qxg3+ 32. Kxg3 Rd7 33. Ne5 Re7 34. Nd3 Nd6 35. Nf4
Ne4+ 36. Kf3 Rd7 37. Rc8+ Rxc8 38. Rxc8+ Kg7 39. Rc6 b5 40. Rb6 Nc3 (40... Nd2+
41. Ke2 Ne4 42. f3 Nc3+ 43. Kd3 $18) 41. Ne2 Nxe2 42. Kxe2 Ra7 43. Rxb5 Ra2+
44. Kf3 Rb2 (44... Rd2 $5 {/\d4}) 45. g4 $1 {White pawns capture space on king
side} h6 46. h4 Rd2 47. Rc5 $1 d4 48. Rc4 $1 (48. Rd5 $2 d3 49. Ke4 Rb2 50. b5
d2) 48... dxe3 (48... d3 49. Ke4 $1 Rd1 (49... Rxf2 50. Kxd3 $18) 50. Rd4 d2
51. Kd3 $18) 49. Kxe3 {[#] Hecht:  Der Freibauer wird günstig von der Seite
gedeckt, und der weiße König steht bereits günstig. Für die ideenreiche
Endspielführung in startegischer wie auch taktischer Hinsicht gibt es eine
Medaille} Rb2 50. f4 Rh2 51. b5 Rb2 (51... Rxh4 $2 52. Rb4 $18) 52. Rc5 Rb4 {
[%cal Gb4h4]} 53. h5 $1 gxh5 54. gxh5 $1 (54. Rxh5 Kg6 55. Rc5 f6 56. Kf3 Kg7
57. Kg3 {[%cal Rg3h4,Rh4h5]} Rb1 $11 (57... Kg6 $2 58. Rc7 $1 h5 59. Rc5))
54... Kf6 55. Rc6+ $2 $138 (55. Kf3 $1 {/\Kg4} Rb1 56. Ke4 Rb4+ 57. Kd5 Kf5 58.
Kc6+ Kxf4 59. b6 $18) 55... Kf5 56. b6 Rb3+ $2 $138 (56... f6 $3 57. Kd3 Rb1
58. Kc2 Rb5 59. Kc3 Rb1 60. Kc4 Kxf4 61. Rxf6+ Kg5 $11) 57. Kd4 Kxf4 {[#]} 58.
Kc4 $1 (58. Rc4 $5 {Hecht: Indirekte Verteidigung des Bb6 und Vorbereitung des
Manövers Kc5 samt Tb4. Die nachfolgenden Varianten sind beispielhaft und
müssen sorgfältig geprüft werden.} f5 (58... Kg5 $5 59. Kc5 Kxh5 60. Rb4 Rc3+
61. Kd6 Rc8 62. b7 Rb8 63. Kc7 Rxb7+ 64. Rxb7 (64. Kxb7 $5 Kg5 65. Kc6 h5 66.
Kd5 h4 67. Ke4 Kg4 68. Rb8 Kg3 69. Ke3 h3 70. Rg8+ Kh2 71. Kf2 $18) 64... Kg4
65. Kd6 h5 66. Ke5 h4 67. Rxf7 h3 68. Ke4 h2 69. Rg7+ Kh3 $11) (58... Rb5 $5
59. Kc3+ Kg5 60. Rb4 Rc5+ 61. Kd4 Rc8 62. b7 Rb8 63. Ke5 f5 (63... Kxh5 64. Kf6
$22) 64. Kd6 f4 65. Kc7 Rxb7+ 66. Rxb7 Kxh5 67. Kd6 Kg4 68. Ke5 f3 69. Ke4 f2
70. Rf7 Kg3 71. Ke3 h5 72. Rg7+ $18) 59. Kc5+ Kg5 (59... Kg3 60. Rb4 Rc3+ 61.
Kd6 Rc8 62. b7 Rb8 63. Kc7 Rxb7+ 64. Rxb7 f4 65. Kd6 f3 66. Ke5 f2 67. Rf7 Kg2
68. Rf5 f1=Q 69. Rxf1 Kxf1 70. Kf5 $18) (59... Ke5 60. Rb4 Rc3+ (60... Rxb4 61.
Kxb4 Kd6 62. Kb5 f4 63. Ka6 f3 64. b7 f2 65. b8=Q+ $18) 61. Kb5 Rc8 62. b7 Rb8
63. Kc6 f4 64. Kc7 Rxb7+ 65. Rxb7 f3 66. Kc6 Kf4 67. Rf7+ $18) 60. Rb4 Rc3+ 61.
Kd6 Rc8 62. b7 Rb8 63. Kc7 Rxb7+ 64. Rxb7 Kxh5 65. Kd6 Kg4 66. Ke5 $18) 58...
Rb1 59. Rxh6 Kg5 60. Rd6 Kxh5 61. Rd5+ Kg4 62. Rb5 Rc1+ 63. Kd5 Rc8 64. b7 Rb8
{[#]} 65. Rb4+ $3 {Hecht: Gewinnt, wie es aussieht, das entscheidende Tempo.}
Kf3 (65... Kg5 66. Kc6 f5 67. Kc7 Rh8 (67... Rxb7+ {Hecht} 68. Rxb7 f4 69. Kd6
Kg4 70. Ke5 f3 71. Rf7 Kg3 72. Ke4 f2 73. Ke3 $18) 68. b8=Q Rxb8 69. Rxb8 f4
70. Kd6 f3 71. Ke5 Kg4 72. Rf8 Kg3 73. Ke4 f2 74. Ke3 $18) (65... Kf5 {Hecht}
66. Kd6 f6 67. Kc7 Rxb7+ 68. Rxb7 Ke4 69. Kd6 f5 70. Re7+ Kd4 71. Rf7 Ke4 72.
Ke6 f4 73. Kf6 f3 74. Kg5 Ke3 75. Kg4 f2 76. Kg3 $18) 66. Ke5 Ke3 67. Kf6 Kd3
68. Kxf7 Kc3 69. Rb1 1-0